书目信息 |
| 题名: |
测量员
|
|
| 作者: | 巩晓东 , 白会人 主编 | |
| 分册: | ||
| 出版信息: | 武汉 华中科技大学出版社 2014.10 |
|
| 页数: | 222页 | |
| 开本: | 26cm | |
| 丛书名: | 住房和城乡建设领域职业培训教材 | |
| 单 册: | ||
| 中图分类: | TU198 | |
| 科图分类: | ||
| 主题词: | 建筑测量--jian zhu ce liang--职业培训--教材 | |
| 电子资源: | ||
| ISBN: | 978-7-5680-0369-8 | |
| 000 | 01039nam 2200289 450 | |
| 001 | 0100004600 | |
| 005 | 20141017090243.5 | |
| 010 | @a978-7-5680-0369-8@dCNY35.00 | |
| 100 | @a20141017d2014 em y0chiy0121 ea | |
| 101 | 0 | @achi |
| 102 | @aCN@b420000 | |
| 105 | @aak a 000yy | |
| 106 | @ar | |
| 200 | 1 | @a测量员@Ace liang yuan@f主编巩晓东, 白会人 |
| 205 | @a第2版 | |
| 210 | @a武汉@c华中科技大学出版社@d2014.10 | |
| 215 | @a222页@c图@d26cm | |
| 225 | 2 | @a住房和城乡建设领域职业培训教材@Azhu fang he cheng xiang jian she ling yu zhi ye pei xun jiao cai |
| 320 | @a有书目 | |
| 330 | @a本书共分11章, 分别为概述、建筑工程图的基本知识、水准仪及高程测量、角度观测与经纬仪、距离丈量和直线定向、全站仪及GPS、小地区及控制测量、地形图测绘等。 | |
| 410 | 0 | @12001 @a住房和城乡建设领域职业培训教材 |
| 606 | 0 | @a建筑测量@Ajian zhu ce liang@x职业培训@j教材 |
| 690 | @aTU198@v5 | |
| 701 | 0 | @a巩晓东@Agong xiao dong@4主编 |
| 701 | 0 | @a白会人@Abai hui ren@4主编 |
| 801 | 0 | @aCN@c20160515 |
| 905 | @a河南城建学院图书馆@dTU198@eG401=2 | |
| 测量员/主编巩晓东, 白会人.-第2版.-武汉:华中科技大学出版社,2014.10 |
| 222页:图;26cm.-(住房和城乡建设领域职业培训教材) |
| ISBN 978-7-5680-0369-8:CNY35.00 |
| 本书共分11章, 分别为概述、建筑工程图的基本知识、水准仪及高程测量、角度观测与经纬仪、距离丈量和直线定向、全站仪及GPS、小地区及控制测量、地形图测绘等。 |
| ● |
| 相关链接 |
|
|
|
正题名:测量员
索取号:TU198/G401=2
 
预约/预借
| 序号 | 登录号 | 条形码 | 馆藏地/架位号 | 状态 | 备注 |
| 1 | 1253228 | 212532286 | 建筑库101/101建筑库 28排1列2层/ [索取号:TU198/G401=2] | 在馆 | |
| 2 | 1253229 | 212532295 | 建筑库101/101建筑库 28排1列2层/ [索取号:TU198/G401=2] | 在馆 | |
| 3 | 1253230 | 212532302 | 建筑库101/101建筑库 28排1列2层/ [索取号:TU198/G401=2] | 在馆 |